| 000 | 00772cam a22002651i 4500 | ||
|---|---|---|---|
| 001 | 3443 | ||
| 003 | BD-RjUL | ||
| 005 | 20211208233730.0 | ||
| 008 | 131219s1949 enk 000 0 eng | ||
| 035 | _a(BD-RjUL)3477 | ||
| 035 | _a(OCoLC)3655602 | ||
| 040 |
_aDLC _cFJUNF _dOTU _dOCoLC _dDLC _dBD-RjUL _beng |
||
| 041 | _aeng | ||
| 082 | 0 | 0 |
_a332.4 _218 _bPIV 1949 |
| 100 | 1 |
_aPigou, A. C. _q(Arthur Cecil), _d1877-1959 _96471 |
|
| 245 | 1 | 4 |
_aThe veil of money / _cby A. C. Pigou. |
| 260 |
_aLondon : _bMacmillan ; _aNew York : St. Martin's Press, _c1949. |
||
| 300 |
_a viii, 150 p. ; _c20 cm. |
||
| 504 | _aIncludes bibliographical references. | ||
| 650 | 0 |
_aMoney. _910821 |
|
| 650 | 0 |
_aIncome. _910822 |
|
| 942 |
_2ddc _cBK |
||
| 999 |
_c3443 _d3443 |
||